Současné možnosti skupinového životního pojištění
Princípy skupinového poistenia osôb. Princípy kolektívneho životného poistenia a jeho tri zásadné výhody.
Na minha lista:
| Autor principal: | |
|---|---|
| Formato: | Capítulo de Livro |
| Idioma: | tcheco |
| Assuntos: | |
| Tags: |
Sem tags, seja o primeiro a adicionar uma tag!
|
MARC
| LEADER | 00000naa a2200000 4500 | ||
|---|---|---|---|
| 001 | r048979 | ||
| 005 | 20230922101159.4 | ||
| 041 | 0 | |a cze | |
| 044 | |a CZ | ||
| 245 | 1 | 0 | |a Současné možnosti skupinového životního pojištění |c Petr Poncar |
| 520 | |a Princípy skupinového poistenia osôb. Princípy kolektívneho životného poistenia a jeho tri zásadné výhody. | ||
| 610 | 2 | 0 | |a poisťovníctvo |
| 610 | 2 | 0 | |a poistenie osôb |
| 610 | 2 | 0 | |a poistenie skupinové |
| 610 | 2 | 0 | |a poistenie životné |
| 610 | 2 | 0 | |a úľavy daňové |
| 610 | 2 | 0 | |a Česko |
| 100 | 1 | |a Poncar, Petr | |